The Michael Jackson Quiz - Statistics

General Stats
  • This quiz has been taken 51 times
  • The average score is 15 of 31
Answer Stats
Hint Answer % Correct
1987 Bad
87%
1987 Bad
87%
The Music Group He Had With his Brothers The Jackson Five
83%
1982 Thriller
83%
1991 Dangerous
73%
1979 Off The Wall
73%
1982 Billie Jean
70%
1972 Ben
67%
1972 Ben
67%
1982 Beat It
60%
His Label At The Beginning Motown
57%
The Tour He Was Going To Do This Is It
57%
1987 Dirty Diana
50%
1995 HIStory
50%
1979 Rock With You
50%
1991 Black Or White
47%
2001 Invincible
47%
1987 The Way You Make Me Feel
43%
2014 Xscape
43%
1997 Blood On The Dance Floor
40%
1979 Don’t Stop ‘Til You Get Enough
37%
His Charity Heal The World
37%
1987 Man In The Mirror
37%
2009 Michael
37%
1972 Got To Be There
30%
1975 Forever, Michael
23%
1987 I Just Can’t Stop Loving You
23%
1973 Music And Me
23%
1995 You Are Not Alone
23%
1983 Say Say Say
13%
His Label At The End Epic Records
10%
No matching quizzes found
Score Distribution
Percent of People with Each Score
Percentile by Number Answered
Your Score History
You have not taken this quiz